000 00629nam a2200253Ia 4500
003 OSt
005 20221005122515.0
006 a|||||r|||| 00| 0
007 ta
008 221004b |||||||| |||| 00| 0 tam d
024 _a51528
037 _cTextual
040 _aCRL
_cCRL
_btam
041 _2tam
_atam
082 _aQ2:31, 31J0
100 _aMaraimalaiyadi Au.
_9229696
245 0 _aKadavul nilai
260 _c1950
650 _a HINDUISM
650 _a THEOLOGY
650 _aGODS AND GODDESSES
_9181590
942 _hQ2:31, 31J0
_cTEXL
_2cc
999 _c1044506
_d1044506